Cơ sở dữ liệu : Lý thuyết và thực hành
Sách giới thiệu các kiến thức, khái niệm cơ bản về kho dữ liệu, về các mô hình cơ sở dữ liệu thế hệ thứ 2 và một số bài tập về lĩnh vực này.
Tallennettuna:
| Päätekijä: | |
|---|---|
| Aineistotyyppi: | Kirja |
| Kieli: | Undetermined |
| Julkaistu: |
Hà Nội
Khoa học Kỹ thuật
2005
|
| Aiheet: | |
| Tagit: |
Lisää tagi
Ei tageja, Lisää ensimmäinen tagi!
|
| Thư viện lưu trữ: | Trung tâm Học liệu Trường Đại học Cần Thơ |
|---|
| LEADER | 00968nam a2200217Ia 4500 | ||
|---|---|---|---|
| 001 | CTU_102600 | ||
| 008 | 210402s9999 xx 000 0 und d | ||
| 020 | |c 28000 | ||
| 082 | |a 005.74 | ||
| 082 | |b T561 | ||
| 100 | |a Nguyễn, Bá Tường | ||
| 245 | 0 | |a Cơ sở dữ liệu : | |
| 245 | 0 | |b Lý thuyết và thực hành | |
| 245 | 0 | |c Nguyễn Bá Tường | |
| 260 | |a Hà Nội | ||
| 260 | |b Khoa học Kỹ thuật | ||
| 260 | |c 2005 | ||
| 520 | |a Sách giới thiệu các kiến thức, khái niệm cơ bản về kho dữ liệu, về các mô hình cơ sở dữ liệu thế hệ thứ 2 và một số bài tập về lĩnh vực này. | ||
| 650 | |a Data structures (computer science),Databases,Cấu trúc dữ liệu (Khoa học máy tính),Cơ sở dữ liệu | ||
| 904 | |i Truc; H.Mai | ||
| 980 | |a Trung tâm Học liệu Trường Đại học Cần Thơ | ||